000 00649nam a22001817a 4500
003 UA-OsUOA
001 14924
007 ta
008 20031025b un ||||| |||| 00| 0 ukr d
100 _aПацьола В.
942 _cSA
040 _aUA-OsUOA
_cUA-OsUOA
_dUA-OsUOA
245 _aВипробування часом: [Про заходи, що здійснює Сарнен. район. центр зайнятості щодо врегулювання ринку праці]
300 _aС.5
955 _a0
773 0 _w0
_tСарненські новини
_dСарни
_d2003
_g№83/84/ 28 серп./
650 7 _aЗайнятість
_2UDC
999 _c301089
_d301089